Statistiques concernant Culture Pop par lettre - C

Cliquez ici pour prendre le quiz!

Statistiques générales

  • Ce quiz a été pris 2 572 fois
  • Le résultat moyen est 9 sur 15

Statistiques - réponses

CatégorieIndiceRéponse% Correct
JeuJeu mobile, dans lequel il faut aligner au moins trois bonbons pour les faire disparaîtreCandy Crush Saga
97%
MarqueComplétez ce slogan célèbre : "C.......... répare, C......... remplace"Carglass
97%
Personnage célèbrePoupée possédée par l'esprit d'un tueur en sérieChucky
89%
Film d'animationCréé par les studios Disney-Pixar, l'action du film se déroule pendant el Dia de Muertos au MexiqueCoco
89%
SériePrénom du bad boy riche et attirant de la série Gossip GirlChuck Bass (Charles Bartholomew Bass)
86%
TermePratique visant à incarner un personnage d'un film, série, manga avec un costume, du maquillage, ect...Cosplay
84%
CélébritéChanteur et guitariste du groupe Nirvana jusqu'à sa mort en 1994Kurt Cobain
70%
Famille CélèbreNom de la célèbre famille de vampire de TwilightCullen
55%
SérieNom du café emblématique de la série FriendsCentral Perk
53%
Livre / FilmFilm sorti 2017, mettant en scène un histoire d'amour entre deux personnages joués par Timothée Chalamet et Armie HammerCall me by your name
50%
CélébritéIl a été le premier à incarner 007 au cinéma en 1962Sean Connery
47%
ÉvènementÉvènement annuel se tenant à San Diego, met à l'honneur la pop culture et crée des rencontre entre les artistes et leurs fansComic Con de San Diego
45%
CélébritéElle a gagné l'Eurovision pour l'Autriche en 2014 avec sa chanson "Raise Like a Phoenix"Conchita Wurst
34%
Phrase célèbreExpression employée et répétée dans "Le père Noël est une ordure" par l'un des personnages principaux Pierre MortezC'est c'la oui...
20%
Comédie MusicaleElle met en scène deux femmes en prison : Roxie Hart qui a tué son amant et Velma Kelly qui a tué son mari et sa soeurChicago
12%

Distribution des résultats

Percentile par nombre de réponses

% des personnes avec chaque résultat

Votre développement - résultats

Vous n’avez pas pris ce quiz